| 000 | 00901nam a22002651u 4500 | ||
|---|---|---|---|
| 001 | 06220 | ||
| 003 | HDC | ||
| 007 | cr bn --- | ||
| 008 | 211223p2017 xx fo d 00 g | ||
| 040 | _aHDC | ||
| 100 |
_aChester, Anne _eauthor _96550 |
||
| 245 | 0 |
_aFoodie Culture, Muslim Identity, and the Rise of Halal through Media / _cby Anne Chester |
|
| 260 |
_a[No place] : _b[publisher not identified], _c2017 |
||
| 300 | _a63 pages | ||
| 336 |
_atext _2rdacontent |
||
| 337 |
_acomputer _2rdamedia |
||
| 338 |
_aonline resource _2rdacarrier |
||
| 650 |
_aFood Culture _96551 |
||
| 650 |
_aHalal industry _9144 |
||
| 650 |
_aHalal _xReligious aspects _91252 |
||
| 856 | _zRequest full-text at [email protected] | ||
| 942 | _2lcc | ||
| 942 | _cTHE | ||
| 942 | _kTHES 000096 | ||
| 999 |
_c3544 _d3544 |
||